[Event "Paul Keres mem (30th)"]
[Site "Vancouver CAN"]
[Date "2005.05.23"]
[Round "6"]
[White "Kaminski, Victor"]
[Black "Schulte, Oliver"]
[Result "0-1"]
[WhiteElo "2055"]
[BlackElo "2385"]
[PlyCount "79"]
[GameId "2160767910968301"]
[EventDate "2005.05.20"]
[EventType "swiss"]
[EventRounds "7"]
[EventCountry "CAN"]
[SourceTitle "CBM 106 Extra"]
[Source "ChessBase"]
[SourceDate "2005.07.01"]
[SourceVersion "1"]
[SourceVersionDate "2005.07.01"]
[SourceQuality "1"]

1. d4 Nf6 2. Nf3 c5 3. d5 e6 4. c4 d6 5. Nc3 exd5 6. cxd5 g6 7. Nd2 Bg7 8. e4 O-O 9. g3 Re8 10. Bg2 Nbd7 11. O-O a6 12. a4 Rb8 13. Nc4 Ne5 14. Nxe5 Rxe5 15. Qd3 Re8 16. f4 Ng4 17. e5 dxe5 18. h3 Nf6 19. fxe5 Nd7 20. e6 fxe6 21. dxe6 Bd4+ 22. Kh1 Ne5 23. Qc2 Bxe6 24. Ne4 Nf7 25. Bf4 Rc8 26. Rad1 Qb6 27. Rxd4 cxd4 28. Qd2 Bf5 29. a5 Qe6 30. Nf2 Qc4 31. g4 Re2 32. Qd1 Bc2 33. Qc1 Bb3 34. Ne4 Qe6 35. Nc5 Qe7 36. Nxb3 Rxc1 37. Nxc1 Rxb2 38. Bd5 Qd7 39. Be4 Qe6 40. Bf3 0-1

[Event "Paul Keres mem (30th)"]
[Site "Vancouver CAN"]
[Date "2005.05.23"]
[Round "6.1"]
[White "Yoos, John"]
[Black "Quilter, Thomas"]
[Result "1-0"]
[WhiteElo "2417"]
[BlackElo "2190"]
[PlyCount "55"]
[GameId "2160767910968302"]
[EventDate "2005.05.20"]
[EventType "swiss"]
[EventRounds "7"]
[EventCountry "CAN"]

1. e4 d5 2. exd5 Nf6 3. d4 Nxd5 4. Nf3 g6 5. c4 Nb6 6. Nc3 Bg7 7. Be2 O-O 8. O-O Bg4 9. c5 Nd5 10. Qb3 Nxc3 11. bxc3 b6 12. Ba3 bxc5 13. Bxc5 Nd7 14. Ba3 c5 15. dxc5 Qc7 16. Qa4 Be6 17. Qh4 Bd5 18. Rad1 Bxa2 19. Rd2 Bb3 20. Rb1 Rab8 21. Qxe7 Ba4 22. Rxb8 Rxb8 23. g3 Bxc3 24. Ng5 Rf8 25. Bc4 Qe5 26. Bxf7+ Kg7 27. Be6+ Kh6 28. Qxh7+ 1-0

[Event "Paul Keres mem (30th)"]
[Site "Vancouver CAN"]
[Date "2005.05.23"]
[Round "6.3"]
[White "Davies, Lucas"]
[Black "Berry, Jonathan"]
[Result "1/2-1/2"]
[WhiteElo "2157"]
[BlackElo "2306"]
[PlyCount "119"]
[GameId "2160767910968303"]
[EventDate "2005.05.20"]
[EventType "swiss"]
[EventRounds "7"]
[EventCountry "CAN"]

1. e4 e5 2. Nf3 Nc6 3. Bb5 g6 4. c3 a6 5. Bc4 Bg7 6. d4 Qe7 7. O-O Nf6 8. Re1 O-O 9. Bg5 h6 10. Bh4 d6 11. dxe5 Nxe5 12. Nxe5 Qxe5 13. Bg3 Qc5 14. Qd4 Qxd4 15. cxd4 Nh5 16. e5 Re8 17. f4 dxe5 18. fxe5 Nxg3 19. hxg3 Be6 20. Bxe6 Rxe6 21. Nc3 Rd8 22. Rad1 f6 23. d5 Rxe5 24. Rxe5 fxe5 25. Ne4 c6 26. d6 Bf8 27. d7 Be7 28. Kf2 Kf7 29. Nd6+ Bxd6 30. Rxd6 h5 31. Ke3 Ke7 32. Rxg6 Rxd7 33. Rg5 Ke6 34. Rxh5 Rg7 35. Kf3 Kd5 36. Rh4 c5 37. g4 Kd4 38. Ke2 e4 39. Rh8 Rxg4 40. Rd8+ Kc4 41. Kf2 e3+ 42. Kf3 Re4 43. Ke2 Rd4 44. b3+ Kc3 45. Rb8 Rd2+ 46. Kxe3 Rxg2 47. Rxb7 Rxa2 48. Rb6 Ra3 49. Rc6 Rxb3 50. Rxc5+ Kb4+ 51. Kd4 a5 52. Rc8 a4 53. Ra8 Rh3 54. Rb8+ Ka3 55. Kc4 Ka2 56. Rb7 Rb3 57. Rh7 a3 58. Rh8 Rb6 59. Kc3 Rc6+ 60. Kb4 1/2-1/2

[Event "Paul Keres mem (30th)"]
[Site "Vancouver CAN"]
[Date "2005.05.23"]
[Round "6.4"]
[White "Meng, Fanhao"]
[Black "Wu, Howard"]
[Result "1-0"]
[WhiteElo "2255"]
[BlackElo "2160"]
[PlyCount "79"]
[GameId "2160767910968304"]
[EventDate "2005.05.20"]
[EventType "swiss"]
[EventRounds "7"]
[EventCountry "CAN"]

1. e4 c5 2. Nf3 Nc6 3. Bb5 g6 4. O-O Bg7 5. c3 e5 6. d3 Nge7 7. Be3 d6 8. d4 cxd4 9. cxd4 O-O 10. Nc3 Bg4 11. d5 Nd4 12. Be2 Nxe2+ 13. Nxe2 f5 14. Ng5 f4 15. f3 Nf5 16. exf5 Qxg5 17. fxg4 fxe3 18. Ng3 h5 19. Ne4 Qxg4 20. Qxg4 hxg4 21. fxg6 Rf4 22. Nxd6 Rd8 23. Nf5 e2 24. Rxf4 exf4 25. Kf2 Bxb2 26. Rb1 Re8 27. Re1 Re5 28. Nh6+ Kg7 29. Nxg4 Rxd5 30. Rxe2 Ba3 31. Kf3 Bd6 32. Re6 b5 33. Nf6 Rd3+ 34. Ke2 f3+ 35. gxf3 Ra3 36. Nh5+ Kf8 37. Rxd6 Rxa2+ 38. Rd2 Ra4 39. g7+ Kf7 40. Rd7+ 1-0

[Event "Paul Keres mem (30th)"]
[Site "Vancouver CAN"]
[Date "2005.05.23"]
[Round "6.5"]
[White "Tegzes, Laszlo"]
[Black "Ingram, Richard"]
[Result "1-0"]
[WhiteElo "2051"]
[BlackElo "2088"]
[PlyCount "111"]
[GameId "2160767910968305"]
[EventDate "2005.05.20"]
[EventType "swiss"]
[EventRounds "7"]
[EventCountry "CAN"]

1. e4 c5 2. c3 d5 3. exd5 Qxd5 4. d4 Nc6 5. Nf3 Bg4 6. Be2 e6 7. O-O Nf6 8. Bf4 Rd8 9. Qa4 Qe4 10. Be3 Bd6 11. Nbd2 Qf5 12. Nc4 Bxh2+ 13. Kxh2 cxd4 14. cxd4 O-O 15. Nce5 Nxe5 16. dxe5 Nd5 17. Qd4 f6 18. Nh4 Nxe3 19. Nxf5 Nxf1+ 20. Bxf1 Rxd4 21. Nxd4 fxe5 22. Nf3 Bxf3 23. gxf3 Rxf3 24. Kg2 Rf4 25. Rd1 Rb4 26. b3 Kf7 27. Bc4 Rb6 28. Kf3 a6 29. Ke4 Kf6 30. Rd3 Rc6 31. Rf3+ Ke7 32. Kxe5 b5 33. Bd3 Rc5+ 34. Kd4 Rh5 35. Be4 g5 36. Rc3 g4 37. Rc7+ Kd6 38. Rxh7 Rg5 39. Ra7 g3 40. Rxa6+ Ke7 41. fxg3 Rxg3 42. Rb6 Rg5 43. Bd3 Rg2 44. Bxb5 Rxa2 45. Ke5 Ra1 46. Rb7+ Kd8 47. Bc6 Kc8 48. Kxe6 Rd1 49. Rh7 Rd8 50. Ra7 Rd4 51. Bd5 Kb8 52. Rh7 Rd1 53. Kd6 Rc1 54. Rb7+ Kc8 55. Ra7 Kd8 56. Rh7 1-0

[Event "Paul Keres mem (30th)"]
[Site "Vancouver CAN"]
[Date "2005.05.23"]
[Round "6.6"]
[White "Orlov, Georgi"]
[Black "Burke, Paul"]
[Result "1-0"]
[WhiteElo "2612"]
[BlackElo "1991"]
[PlyCount "49"]
[GameId "2160767910968306"]
[EventDate "2005.05.20"]
[EventType "swiss"]
[EventRounds "7"]
[EventCountry "CAN"]

1. d4 Nf6 2. Nf3 c5 3. c4 e6 4. Nc3 a6 5. e3 Be7 6. Bd3 O-O 7. O-O d6 8. b3 Bd7 9. Bb2 Qc7 10. Rc1 b6 11. Qe2 Qb7 12. Rfd1 cxd4 13. exd4 Bc6 14. d5 Bd7 15. dxe6 fxe6 16. Ng5 e5 17. Bb1 Nc6 18. Nce4 h6 19. Nxf6+ Rxf6 20. Ne4 Re6 21. Qd3 g6 22. Qd2 Kg7 23. Rc3 Rf8 24. Rh3 h5 25. Rd3 1-0

[Event "Paul Keres mem (30th)"]
[Site "Vancouver CAN"]
[Date "2005.05.23"]
[Round "6.7"]
[White "Schuetzhold, Ralf"]
[Black "Radzikowski, Marek"]
[Result "0-1"]
[WhiteElo "2016"]
[BlackElo "2083"]
[PlyCount "44"]
[GameId "2160767910968307"]
[EventDate "2005.05.20"]
[EventType "swiss"]
[EventRounds "7"]
[EventCountry "CAN"]

1. e4 g6 2. d4 Bg7 3. f4 d6 4. Nc3 Nc6 5. Be3 Nf6 6. Be2 h5 7. Nf3 a6 8. d5 Na7 9. a4 c5 10. dxc6 Nxc6 11. Nd4 Qa5 12. Bf3 Ng4 13. Bg1 Qb4 14. e5 Nxd4 15. Bxd4 dxe5 16. fxe5 Nxe5 17. Be4 Bg4 18. Bf3 Bxf3 19. gxf3 Qxd4 20. Qe2 O-O-O 21. Ne4 f5 22. Ng5 Qh4+ 0-1

[Event "Paul Keres mem (30th)"]
[Site "Vancouver CAN"]
[Date "2005.05.23"]
[Round "6.8"]
[White "Hughey, Micah"]
[Black "Pitre, Hanniegn"]
[Result "1-0"]
[WhiteElo "2057"]
[BlackElo "1987"]
[PlyCount "47"]
[GameId "2160767910968308"]
[EventDate "2005.05.20"]
[EventType "swiss"]
[EventRounds "7"]
[EventCountry "CAN"]

1. e4 d5 2. exd5 Nf6 3. c4 e6 4. Nc3 exd5 5. d4 Bb4 6. Nf3 O-O 7. Be2 dxc4 8. Bxc4 Re8+ 9. Be3 Be6 10. Bxe6 Rxe6 11. O-O c6 12. Qb3 Qe7 13. Ng5 Rxe3 14. fxe3 Bxc3 15. Qxc3 h6 16. Nf3 Nd5 17. Qb3 Nd7 18. Qxb7 Rb8 19. Qxc6 Nxe3 20. Rae1 Rxb2 21. Qc3 Rxg2+ 22. Kh1 Rxh2+ 23. Nxh2 Qe4+ 24. Rf3 1-0

[Event "Paul Keres mem (30th)"]
[Site "Vancouver CAN"]
[Date "2005.05.23"]
[Round "6.9"]
[White "Davies, Noam"]
[Black "Yearwood, Roy"]
[Result "1/2-1/2"]
[WhiteElo "1994"]
[BlackElo "2095"]
[PlyCount "74"]
[GameId "2160767910968309"]
[EventDate "2005.05.20"]
[EventType "swiss"]
[EventRounds "7"]
[EventCountry "CAN"]

1. e4 c6 2. d4 d5 3. e5 c5 4. dxc5 Nd7 5. Nf3 e6 6. Be3 Ne7 7. Nc3 Nc6 8. Bb5 Qc7 9. Qe2 a6 10. Bxc6 bxc6 11. O-O Nxc5 12. Rad1 a5 13. Rfe1 Be7 14. Nd4 O-O 15. f4 Rb8 16. Bc1 f6 17. Qh5 g6 18. Qg4 f5 19. Qh3 Ne4 20. Nxe4 dxe4 21. Qc3 c5 22. a3 Qb6 23. Nb3 a4 24. Nd2 c4+ 25. Kh1 Ba6 26. Nxc4 Qc5 27. Nd6 Qxc3 28. bxc3 Rfd8 29. Be3 Rb2 30. Rd2 Rd7 31. Nxf5 Rxd2 32. Nxe7+ Kf7 33. Bxd2 Kxe7 34. Be3 Rxc2 35. Bd4 Bd3 36. Rb1 Kd7 37. Kg1 Rxg2+ 1/2-1/2

[Event "Paul Keres mem (30th)"]
[Site "Vancouver CAN"]
[Date "2005.05.23"]
[Round "6.10"]
[White "Afrah, Navid"]
[Black "Yousefzadeh, Mehrdad"]
[Result "1/2-1/2"]
[WhiteElo "2100"]
[BlackElo "1988"]
[PlyCount "138"]
[GameId "2160767910968310"]
[EventDate "2005.05.20"]
[EventType "swiss"]
[EventRounds "7"]
[EventCountry "CAN"]

1. e4 Nf6 2. e5 Nd5 3. c4 Nb6 4. d4 d6 5. Nf3 Nc6 6. exd6 exd6 7. Be2 Be7 8. O-O O-O 9. Be3 Re8 10. Nbd2 Bf6 11. Re1 Bf5 12. a3 Qd7 13. Rc1 Rad8 14. b4 d5 15. c5 Nc8 16. Nb3 Nb8 17. c6 bxc6 18. Nc5 Qe7 19. Bf4 Nd6 20. Bd3 Ne4 21. Ne5 g5 22. Bg3 Nxg3 23. hxg3 Bxd3 24. Ncxd3 Bxe5 25. Qh5 f6 26. dxe5 Qf7 27. Qg4 Qg6 28. Qd4 Re6 29. f4 fxe5 30. Rxe5 Rxe5 31. Nxe5 Qe4 32. Qxe4 dxe4 33. Rc2 Rd6 34. Kf2 Nd7 35. Nxc6 a6 36. Na5 Nb6 37. f5 Rd3 38. Nc4 Nd5 39. g4 e3+ 40. Nxe3 Rxe3 41. Rc5 Re5 42. Ra5 Nf4 43. Rxa6 Re2+ 44. Kf3 Rxg2 45. b5 Rb2 46. a4 Rb4 47. Ra7 Nd5 48. Ra8+ Kf7 49. Rd8 Nf6 50. Rc8 Rf4+ 51. Ke2 Nd5 52. Rd8 Rd4 53. Kf3 Ke7 54. Rh8 Rxa4 55. Rxh7+ Kd6 56. Rg7 Ra3+ 57. Kf2 Rb3 58. Rxg5 Rxb5 59. Rg8 Nf6 60. Rg7 c5 61. g5 Ne4+ 62. Kf3 Ke5 63. Re7+ Kxf5 64. Rxe4 Kxg5 65. Ke3 Kf5 66. Re8 Rb3+ 67. Kd2 Kf6 68. Kc2 Rb4 69. Kc3 Rd4 1/2-1/2

[Event "Paul Keres mem (30th)"]
[Site "Vancouver CAN"]
[Date "2005.05.23"]
[Round "6.11"]
[White "Lane, Travis"]
[Black "Niksic, John"]
[Result "1-0"]
[WhiteElo "1989"]
[BlackElo "2059"]
[PlyCount "67"]
[GameId "2160767910968311"]
[EventDate "2005.05.20"]
[EventType "swiss"]
[EventRounds "7"]
[EventCountry "CAN"]

1. e4 e6 2. d4 d5 3. e5 c5 4. Nf3 cxd4 5. Bd3 Be7 6. O-O Nc6 7. Qe2 g5 8. c3 dxc3 9. Nxc3 g4 10. Nd2 h5 11. Nb3 Nh6 12. Bf4 Bg5 13. Qd2 Rg8 14. Rae1 Bxf4 15. Qxf4 Qg5 16. Qa4 Bd7 17. Bb5 h4 18. Nc5 Nf5 19. Nxb7 Nfd4 20. Bxc6 Nxc6 21. Qa3 Qe7 22. Nd6+ Kf8 23. f4 Kg7 24. f5 Qg5 25. Nxf7 Kxf7 26. fxe6+ Kg7 27. Rf7+ Kh8 28. Rxd7 Nxe5 29. Rxd5 g3 30. h3 Raf8 31. Rdxe5 Qd2 32. Rh5+ Kg7 33. Qe7+ Kg6 34. Qh7+ 1-0

[Event "Paul Keres mem (30th)"]
[Site "Vancouver CAN"]
[Date "2005.05.23"]
[Round "6.12"]
[White "Sullivan, Brian"]
[Black "Veszely, Frank"]
[Result "0-1"]
[WhiteElo "1706"]
[BlackElo "1922"]
[PlyCount "66"]
[GameId "2160767910968312"]
[EventDate "2005.05.20"]
[EventType "swiss"]
[EventRounds "7"]
[EventCountry "CAN"]

1. e4 c5 2. Nf3 e6 3. d4 cxd4 4. Nxd4 Nf6 5. Nc3 Bb4 6. Bd3 Nc6 7. Be3 d5 8. O-O Bxc3 9. bxc3 dxe4 10. Bb5 Bd7 11. f3 Nd5 12. Qe1 Nxe3 13. Qxe3 exf3 14. Nxc6 bxc6 15. Qxf3 O-O 16. Bd3 f5 17. Rad1 e5 18. Kh1 e4 19. Bc4+ Kh8 20. Qf4 Qe8 21. Rfe1 Be6 22. Bxe6 Qxe6 23. Rd6 Qe7 24. Rxc6 Rad8 25. h3 g5 26. Rc7 Qf6 27. Qe3 Rfe8 28. Rb1 f4 29. Qxa7 f3 30. Qf2 e3 31. Qxf3 Qxf3 32. gxf3 e2 33. Re1 Rd1 0-1

[Event "Paul Keres mem (30th)"]
[Site "Vancouver CAN"]
[Date "2005.05.23"]
[Round "6.13"]
[White "Jiang, Louie"]
[Black "Lister, Curtis"]
[Result "1/2-1/2"]
[WhiteElo "1790"]
[BlackElo "1936"]
[PlyCount "65"]
[GameId "2160767910968313"]
[EventDate "2005.05.20"]
[EventType "swiss"]
[EventRounds "7"]
[EventCountry "CAN"]

1. e4 d6 2. d4 Nf6 3. Nc3 Nc6 4. Nf3 Bg4 5. Be2 e5 6. d5 Nb8 7. Be3 Be7 8. Nd2 Bxe2 9. Qxe2 Qd7 10. Nd1 O-O 11. f3 a5 12. c4 b6 13. Nc3 Na6 14. g4 h5 15. h3 h4 16. Nb3 Nh7 17. Qd2 Qd8 18. O-O Bg5 19. Bxg5 Nxg5 20. Kg2 Qe7 21. Nc1 Nc5 22. Nd3 Nd7 23. Nb5 Rfc8 24. Rac1 Nf8 25. a4 Ng6 26. Nc3 Re8 27. Nd1 Qf6 28. b3 Nh7 29. N1f2 Ng5 30. Nd1 Nh7 31. N1f2 Ng5 32. Nd1 Nh7 33. N1f2 1/2-1/2

[Event "Paul Keres mem (30th)"]
[Site "Vancouver CAN"]
[Date "2005.05.23"]
[Round "6.14"]
[White "McLaren, Brian"]
[Black "Cameanii, Valerii"]
[Result "1-0"]
[WhiteElo "2246"]
[BlackElo "1500"]
[PlyCount "67"]
[GameId "2160767910968314"]
[EventDate "2005.05.20"]
[EventType "swiss"]
[EventRounds "7"]
[EventCountry "CAN"]

1. e4 e5 2. Bc4 Nf6 3. Qe2 Nc6 4. c3 Bc5 5. Nf3 d6 6. d3 Bg4 7. Nbd2 O-O 8. h3 Bh5 9. Nf1 Re8 10. g4 Bg6 11. Ng3 d5 12. Bb3 dxe4 13. dxe4 h6 14. Bd2 a6 15. O-O-O Qe7 16. Nh4 Bh7 17. Nhf5 Bxf5 18. Nxf5 Qf8 19. h4 Ne7 20. g5 Nxf5 21. exf5 Nd7 22. g6 Re7 23. gxf7+ Kh8 24. Be6 Nf6 25. Rdg1 e4 26. Rg6 Rxf7 27. Bxf7 Qxf7 28. Rhg1 Bf8 29. c4 Rd8 30. Bc3 Rd3 31. Bxf6 Qxc4+ 32. Kb1 gxf6 33. Qh5 Kh7 34. Rxh6+ 1-0

[Event "Paul Keres mem (30th)"]
[Site "Vancouver CAN"]
[Date "2005.05.23"]
[Round "6.15"]
[White "Collins, Casey"]
[Black "Chan, James"]
[Result "0-1"]
[WhiteElo "1716"]
[BlackElo "1951"]
[PlyCount "50"]
[GameId "2160767910968315"]
[EventDate "2005.05.20"]
[EventType "swiss"]
[EventRounds "7"]
[EventCountry "CAN"]

1. e4 e5 2. Nf3 Nc6 3. Bb5 a6 4. Ba4 Nf6 5. O-O Be7 6. c3 b5 7. Bc2 d6 8. d4 Bg4 9. Re1 O-O 10. Be3 Re8 11. Nbd2 Bf8 12. Nf1 exd4 13. Bxd4 Ne5 14. Ng3 c5 15. Bxe5 dxe5 16. h3 Bd7 17. Nh2 g6 18. Re2 Qc7 19. Rd2 Rad8 20. Ng4 Nxg4 21. hxg4 Bxg4 22. f3 Be6 23. Bb3 c4 24. Bc2 Bc5+ 25. Kf1 Qe7 0-1

[Event "Paul Keres mem (30th)"]
[Site "Vancouver CAN"]
[Date "2005.05.23"]
[Round "7"]
[White "Quilter, Thomas"]
[Black "Hughey, Micah"]
[Result "1-0"]
[WhiteElo "2190"]
[BlackElo "2114"]
[PlyCount "87"]
[GameId "2160767910968316"]
[EventDate "2005.05.20"]
[EventType "swiss"]
[EventRounds "7"]
[EventCountry "CAN"]
[SourceTitle "CBM 106 Extra"]
[Source "ChessBase"]
[SourceDate "2005.07.01"]
[SourceVersion "1"]
[SourceVersionDate "2005.07.01"]
[SourceQuality "1"]

1. e4 e5 2. Nf3 Nc6 3. Bc4 Nf6 4. d3 h6 5. Nc3 Bc5 6. Be3 Qe7 7. Qd2 d6 8. O-O-O Bd7 9. Bxc5 dxc5 10. Nd5 Qd6 11. Nh4 O-O-O 12. Ne3 Qf8 13. Qe1 g5 14. Nhf5 Nd4 15. Ng3 Kb8 16. c3 Nc6 17. Qe2 h5 18. Qf3 Qh6 19. Ngf5 Qg6 20. h3 Rhe8 21. Bb5 Ne7 22. Bxd7 Rxd7 23. g3 Nfg8 24. Rhf1 Red8 25. Nc4 f6 26. h4 g4 27. Nxe7 Nxe7 28. Qe3 b6 29. f4 Nc6 30. fxe5 Nxe5 31. Nxe5 fxe5 32. Rf5 Rf7 33. Rdf1 Rdf8 34. Qg5 Rxf5 35. Rxf5 Qxg5+ 36. hxg5 Rg8 37. Kd2 Re8 38. g6 Rg8 39. Rxe5 Rxg6 40. Rxh5 Rf6 41. Rf5 Rh6 42. Ke3 Rh2 43. Rf2 Rh8 44. e5 1-0

[Event "Paul Keres mem (30th)"]
[Site "Vancouver CAN"]
[Date "2005.05.23"]
[Round "7"]
[White "Wu, Howard"]
[Black "Kaminski, Victor"]
[Result "0-1"]
[WhiteElo "2194"]
[BlackElo "2055"]
[PlyCount "48"]
[GameId "2160767910968317"]
[EventDate "2005.05.20"]
[EventType "swiss"]
[EventRounds "7"]
[EventCountry "CAN"]
[SourceTitle "CBM 106 Extra"]
[Source "ChessBase"]
[SourceDate "2005.07.01"]
[SourceVersion "1"]
[SourceVersionDate "2005.07.01"]
[SourceQuality "1"]

1. e4 c5 2. Nf3 Nc6 3. d4 cxd4 4. Nxd4 Nf6 5. Nc3 g6 6. Nxc6 bxc6 7. e5 Ng8 8. Be3 Bg7 9. f4 f6 10. e6 d6 11. f5 Qa5 12. Qf3 d5 13. Bd3 Nh6 14. O-O Nxf5 15. Bxf5 gxf5 16. Qh5+ Kd8 17. Qf7 Bf8 18. Bd4 Bh6 19. Bxf6 Qc5+ 20. Kh1 Rf8 21. Qxh7 Rxf6 22. Rxf5 Rxf5 23. Qxf5 Qe3 24. Nxd5 Qxe6 0-1

[Event "Paul Keres mem (30th)"]
[Site "Vancouver CAN"]
[Date "2005.05.23"]
[Round "7.1"]
[White "Meng, Fanhao"]
[Black "Yoos, John"]
[Result "1/2-1/2"]
[WhiteElo "2255"]
[BlackElo "2417"]
[PlyCount "26"]
[GameId "2160767910968318"]
[EventDate "2005.05.20"]
[EventType "swiss"]
[EventRounds "7"]
[EventCountry "CAN"]

1. e4 g6 2. d4 Bg7 3. Nc3 d6 4. Be3 a6 5. Qd2 b5 6. a4 b4 7. Nd1 a5 8. c3 bxc3 9. bxc3 Nf6 10. f3 O-O 11. Bd3 Nbd7 12. Ne2 e5 13. O-O d5 1/2-1/2

[Event "Paul Keres mem (30th)"]
[Site "Vancouver CAN"]
[Date "2005.05.23"]
[Round "7.2"]
[White "Tegzes, Laszlo"]
[Black "Schulte, Oliver"]
[Result "1/2-1/2"]
[WhiteElo "2051"]
[BlackElo "2435"]
[PlyCount "52"]
[GameId "2160767910968319"]
[EventDate "2005.05.20"]
[EventType "swiss"]
[EventRounds "7"]
[EventCountry "CAN"]

1. e4 c5 2. c3 d5 3. exd5 Qxd5 4. d4 g6 5. Nf3 Bg7 6. Be2 Nh6 7. O-O O-O 8. dxc5 Qxc5 9. Be3 Qc7 10. Qa4 Nf5 11. Bf4 e5 12. Bg3 Nd7 13. Nbd2 Nc5 14. Qa3 Rd8 15. Nc4 Nxg3 16. hxg3 e4 17. Nd4 Bxd4 18. cxd4 Rxd4 19. Rac1 Nd3 20. Bxd3 exd3 21. Nd2 Qd8 22. Rc5 Bg4 23. Rfc1 Qe8 24. Qc3 Rd7 25. Rc4 f5 26. Rc7 Rad8 1/2-1/2

[Event "Paul Keres mem (30th)"]
[Site "Vancouver CAN"]
[Date "2005.05.23"]
[Round "7.3"]
[White "Davies, Lucas"]
[Black "Orlov, Georgi"]
[Result "0-1"]
[WhiteElo "2157"]
[BlackElo "2612"]
[PlyCount "102"]
[GameId "2160767910968320"]
[EventDate "2005.05.20"]
[EventType "swiss"]
[EventRounds "7"]
[EventCountry "CAN"]

1. e4 c5 2. Nf3 e6 3. d4 cxd4 4. Nxd4 a6 5. Bd3 Qc7 6. O-O Nf6 7. Qe2 d6 8. c4 Be7 9. Nc3 b6 10. Rd1 Bb7 11. Be3 Nbd7 12. Rac1 O-O 13. Bb1 Rac8 14. b3 Qb8 15. f3 Rfe8 16. Qd2 Bf8 17. Nde2 Ba8 18. Nf4 b5 19. cxb5 axb5 20. Bd3 b4 21. Na4 d5 22. exd5 Nxd5 23. Nxd5 Bxd5 24. Qe2 Bd6 25. h3 Nf6 26. Nb6 Bh2+ 27. Kf2 Bg3+ 28. Kg1 Bh2+ 29. Kf2 Rxc1 30. Rxc1 Bc7 31. Nc4 Nh5 32. Nd2 Bg3+ 33. Kg1 Bh2+ 34. Kf2 Nf4 35. Bxf4 Bxf4 36. Rc2 Qb6+ 37. Kf1 Qd4 38. Be4 Kf8 39. Qf2 Be3 40. Qe2 f5 41. Bd3 Rd8 42. Ke1 Bf4 43. Nf1 Bg5 44. Bc4 Qf4 45. Kf2 Qd4+ 46. Ke1 h5 47. Bb5 h4 48. Bc4 Bf4 49. Bb5 Be5 50. Qe3 Bg3+ 51. Ke2 Bc4+ 0-1

[Event "Paul Keres mem (30th)"]
[Site "Vancouver CAN"]
[Date "2005.05.23"]
[Round "7.4"]
[White "Berry, Jonathan"]
[Black "Radzikowski, Marek"]
[Result "1-0"]
[WhiteElo "2306"]
[BlackElo "2083"]
[PlyCount "49"]
[GameId "2160767910968321"]
[EventDate "2005.05.20"]
[EventType "swiss"]
[EventRounds "7"]
[EventCountry "CAN"]

1. e4 g6 2. d4 Bg7 3. Nc3 Nc6 4. Be3 d6 5. h3 a6 6. Nf3 b5 7. Qd2 b4 8. Nd5 Rb8 9. c3 a5 10. Bd3 e6 11. Nf4 Nf6 12. Ne2 h5 13. O-O e5 14. Ng5 O-O 15. d5 Ne7 16. f4 exf4 17. Rxf4 c6 18. Raf1 cxd5 19. Rxf6 Bxf6 20. Rxf6 dxe4 21. Nxe4 d5 22. Nd6 Be6 23. Bd4 Nc6 24. Qh6 Nxd4 25. Rxg6+ 1-0

[Event "Paul Keres mem (30th)"]
[Site "Vancouver CAN"]
[Date "2005.05.23"]
[Round "7.7"]
[White "Yearwood, Roy"]
[Black "Lane, Travis"]
[Result "1/2-1/2"]
[WhiteElo "2095"]
[BlackElo "1989"]
[PlyCount "26"]
[GameId "2160767910968322"]
[EventDate "2005.05.20"]
[EventType "swiss"]
[EventRounds "7"]
[EventCountry "CAN"]

1. e4 c5 2. Nf3 Nc6 3. Bb5 e6 4. Bxc6 bxc6 5. O-O d5 6. d3 Be7 7. Re1 Rb8 8. b3 Nf6 9. Bb2 O-O 10. Qd2 c4 11. Qf4 Ba6 12. e5 Nh5 13. Qe3 Qc7 1/2-1/2

[Event "Paul Keres mem (30th)"]
[Site "Vancouver CAN"]
[Date "2005.05.23"]
[Round "7.8"]
[White "Burke, Paul"]
[Black "Schuetzhold, Ralf"]
[Result "1/2-1/2"]
[WhiteElo "1991"]
[BlackElo "2016"]
[PlyCount "63"]
[GameId "2160767910968323"]
[EventDate "2005.05.20"]
[EventType "swiss"]
[EventRounds "7"]
[EventCountry "CAN"]

1. e4 c6 2. d4 d5 3. exd5 cxd5 4. Nf3 Nf6 5. c4 e6 6. Nc3 Be7 7. Bd3 O-O 8. O-O dxc4 9. Bxc4 Nbd7 10. Qe2 Nb6 11. Bd3 Nbd5 12. Rd1 b6 13. Ne5 Bb7 14. Ne4 Nb4 15. Nxf6+ Bxf6 16. Be4 Bxe4 17. Qxe4 Bxe5 18. Qxe5 Qd5 19. Qxd5 Nxd5 20. Be3 Rfc8 21. Rac1 Kf8 22. Kf1 Ke7 23. Ke2 Kd7 24. a3 Rxc1 25. Rxc1 Rc8 26. Rxc8 Kxc8 27. Kd3 Kd7 28. Bd2 a6 29. b3 b5 30. g3 f5 31. f3 Kc6 32. Bc1 1/2-1/2

[Event "Paul Keres mem (30th)"]
[Site "Vancouver CAN"]
[Date "2005.05.23"]
[Round "7.9"]
[White "Veszely, Frank"]
[Black "Afrah, Navid"]
[Result "0-1"]
[WhiteElo "1922"]
[BlackElo "2100"]
[PlyCount "56"]
[GameId "2160767910968324"]
[EventDate "2005.05.20"]
[EventType "swiss"]
[EventRounds "7"]
[EventCountry "CAN"]

1. g3 g6 2. c4 Bg7 3. Bg2 e6 4. Nc3 Ne7 5. d4 O-O 6. e4 c5 7. d5 d6 8. Nge2 exd5 9. exd5 Nd7 10. O-O Ne5 11. b3 Bg4 12. f3 Bf5 13. Bf4 a6 14. g4 Bd7 15. Rc1 f5 16. g5 b5 17. Bxe5 Bxe5 18. f4 Bg7 19. Qd2 Nc8 20. a4 bxc4 21. bxc4 Qa5 22. Rf3 Nb6 23. Qa2 Rfe8 24. h4 Rab8 25. Rb1 Nxa4 26. Rxb8 Rxb8 27. Nxa4 Qxa4 28. Ra3 Qd1+ 0-1

[Event "Paul Keres mem (30th)"]
[Site "Vancouver CAN"]
[Date "2005.05.23"]
[Round "7.10"]
[White "Ingram, Richard"]
[Black "Davies, Noam"]
[Result "1/2-1/2"]
[WhiteElo "2088"]
[BlackElo "1994"]
[PlyCount "62"]
[GameId "2160767910968325"]
[EventDate "2005.05.20"]
[EventType "swiss"]
[EventRounds "7"]
[EventCountry "CAN"]

1. e4 c5 2. Nc3 d6 3. Nf3 Nf6 4. Bb5+ Bd7 5. Bxd7+ Nbxd7 6. O-O e5 7. Qe2 Be7 8. d3 h6 9. Nd1 Nf8 10. c3 Ne6 11. g3 O-O 12. Ne3 Re8 13. Nf5 Bf8 14. c4 Kh7 15. Qd2 Nd7 16. a3 a5 17. Rb1 Qb6 18. Ne3 Nb8 19. Nd5 Qd8 20. b4 axb4 21. axb4 b6 22. bxc5 bxc5 23. Rb7 Be7 24. Nxe7 Rxe7 25. Qb2 Nc6 26. Qb6 Rxb7 27. Qxb7 Qe8 28. Qb3 Rb8 29. Qa4 Ra8 30. Qb5 Rb8 31. Qa4 Ra8 1/2-1/2

[Event "Paul Keres mem (30th)"]
[Site "Vancouver CAN"]
[Date "2005.05.23"]
[Round "7.11"]
[White "McLaren, Brian"]
[Black "Yousefzadeh, Mehrdad"]
[Result "1-0"]
[WhiteElo "2246"]
[BlackElo "1988"]
[PlyCount "99"]
[GameId "2160767910968326"]
[EventDate "2005.05.20"]
[EventType "swiss"]
[EventRounds "7"]
[EventCountry "CAN"]

1. e4 Nf6 2. e5 Nd5 3. c4 Nb6 4. c5 Nd5 5. Bc4 c6 6. Nc3 d6 7. Qb3 dxe5 8. Nxd5 cxd5 9. Bxd5 e6 10. Bxb7 Bxb7 11. Qxb7 Qd5 12. Qxd5 exd5 13. f4 f6 14. fxe5 fxe5 15. b4 Nc6 16. Rb1 Rb8 17. a3 Bxc5 18. Ne2 Bd6 19. Nc3 Ne7 20. d3 Kd7 21. Bg5 Ke6 22. Rf1 Rhf8 23. Rxf8 Rxf8 24. Nb5 Bb8 25. Rc1 Rc8 26. Rxc8 Nxc8 27. Nc3 Bd6 28. h3 Ne7 29. Bxe7 Bxe7 30. Nb5 a5 31. bxa5 Kd7 32. a6 Kc6 33. a7 Kb7 34. a4 Bb4+ 35. Ke2 Ba5 36. Kf3 Bb6 37. Nc3 e4+ 38. dxe4 dxe4+ 39. Kxe4 Kxa7 40. Kd5 Ka6 41. Ke6 Ka5 42. Kf7 Bd4 43. Nd5 Kxa4 44. Ne7 g6 45. Kg8 Bc5 46. Nd5 h5 47. Kf7 g5 48. Kg6 h4 49. Kxg5 Bf2 50. Ne7 1-0